Les 15 plus grandes villes de Croatie - Statistiques

Statistiques générales
  • Ce quiz a été pris 231 fois
  • Le résultat moyen est 7 sur 15
Statistiques - réponses
nombre d'habitants nom de la ville % Correct
779 145 Zagreb
99%
188 694 Split
93%
43 770 Dubrovnik
85%
72 718 Zadar
73%
144 043 Rijeka
63%
58 594 Pula
59%
114 616 Osijek
42%
51 553 Šibenik
32%
49 075 Varaždin
27%
59 395 Karlovac
23%
64 612 Slavonski Brod
19%
52 236 Sisak
16%
63 517 Velika Gorica
13%
41 869 Bjelovar
10%
36 206 Samobor
10%
Aucun quiz correspondant
Distribution des résultats
% des personnes avec chaque résultat
Percentile par nombre de réponses
Votre historique - résultats
Vous n’avez pas pris ce quiz